Sustainable Logistics and Supply Chain Management: Principles and Practice for Sustainable Operations and Management (Record no. 3280)

MARC details
005 - DATE AND TIME OF LATEST TRANSACTION
control field 20250606084119.0
020 ## - INTERNATIONAL STANDARD BOOK NUMBER
International Standard Book Number 9781398604438
082 ## - DEWEY DECIMAL CLASSIFICATION NUMBER
Classification number 658.7 GRA
100 ## - MAIN ENTRY--PERSONAL NAME
Author name GRAND, D. B.
245 ## - TITLE STATEMENT
Title Sustainable Logistics and Supply Chain Management: Principles and Practice for Sustainable Operations and Management
250 ## - EDITION STATEMENT
Edition statement 3rd Ed.
260 ## - PUBLICATION, DISTRIBUTION, ETC.
Place of publication, distribution, etc. New York,
Name of publisher, distributor, etc. Kogan Page,
Date of publication, distribution, etc. 2023.
300 ## - PHYSICAL DESCRIPTION
Extent xiii,279p.; ill.; table, figure
Other physical details Index.
Dimensions 23cm.
700 ## - ADDED ENTRY--PERSONAL NAME
Other authors/Editors TRAUTRIMS, A. & WONG, C. Y.
942 ## - ADDED ENTRY ELEMENTS (KOHA)
Source of classification or shelving scheme Dewey Decimal Classification
Koha item type Books
Holdings
Date last seen Total checkouts Full call number Barcode Cost, replacement price Price effective from Koha item type Lost status Source of classification or shelving scheme Damaged status Not for loan Withdrawn status Home library Current library Shelving location Date acquired Cost, normal purchase price
06/06/2025   658.7 GRA DOM000111 423288.00 06/06/2025 Books   Dewey Decimal Classification       CBE Dodoma CBE Dodoma Special Reserve Collection 03/12/2025 141096.00